Sports Quiz

Random Sports Quiz

The Ultimate Chicago Bulls Quiz! Stats

Quiz not verified by Sporcle

Challenge
Share
Tweet
Embed
Score 0/16 Timer 20:00
0 Plays Today
Hint Answer % Correct
True or False , Rasheed Wallace has played for the BullsF
86.8%
True or False Spencer Dinwiddie has played for the Bulls?T
84.2%
How many players have tot their numbers retired for the Bulls?4
81.6%
Who was the first player for the Bulls that won the MVP award?Michael Jordan
65.8%
What number does Robin Lopez wear for the Bulls?8
65.8%
How many games has LaMarcus Aldridge played for the Bulls0
57.9%
What year did Michael Jordan attend the North Carolina College?1981
57.9%
Who did the Bulls pick in the 2016 NBA Draft with the 14th pickDenzel Valentine
47.4%
Hint Answer % Correct
Who is the only Brazilian player in this years roster?Cristiano Felicio
42.1%
What is Doug McDermotts full first name?Douglas
39.5%
What college did Michael Carter-Wiliams attend?Syracuse
31.6%
Who as got the most blocks in Bulls History?Artis Gilmore
31.6%
What country is Nikola Mirotic born in?Montenegro
26.3%
What team was Joffrey Lauvergne drafted by?Memphis Grizzlies
10.5%
Last question! Where was Brian Scalabrine born in California?Long Beach
7.9%
What was Kirk Hinrich's average for points in the 2006/07 season?16.6
5.3%

You're not logged in!

Compare scores with friends on all Sporcle quizzes.
Sign Up with Email
OR
Log In

You Might Also Like...

Show Comments

Extras

Top Quizzes Today


Score Distribution

Your Account Isn't Verified!

In order to create a playlist on Sporcle, you need to verify the email address you used during registration. Go to your Sporcle Settings to finish the process.